[Event "XIV MIEDZYNARODOWY FESTIWAL SZACHOWY PER"]
[Site "LAZY"]
[Date "2018.06.24"]
[Round "1.1"]
[White "Karwacki, Piotr"]
[Black "Karpus, Michal"]
[Result "0-1"]
[WhiteElo "1828"]
[BlackElo "2364"]
[PlyCount "80"]
[EventDate "2018.??.??"]

1. e4 e5 2. Nf3 Nc6 3. Bc4 Nf6 4. d3 Be7 5. O-O O-O 6. Re1 d6 7. c3 Na5 8. Bb5
a6 9. Ba4 b5 10. Bc2 c5 11. d4 exd4 12. cxd4 Re8 13. dxc5 dxc5 14. Qxd8 Rxd8
15. Bd2 Nc6 16. e5 Nd5 17. Be4 h6 18. Nc3 Be6 19. Rad1 Rac8 20. a3 Rd7 21. Nxd5
Bxd5 22. Ba5 Be6 23. Bxc6 Rxc6 24. Rxd7 Bxd7 25. Nd2 Bf5 26. h3 b4 27. axb4
cxb4 28. g4 Be6 29. f4 Rc2 30. Ne4 g6 31. Nd6 Rxb2 32. f5 gxf5 33. gxf5 Bd7 34.
f6 Bf8 35. Re3 Be6 36. Bd8 h5 37. Rg3+ Kh7 38. Be7 Bh6 39. Ne8 b3 40. Rg7+ Kh8
0-1

[Event "XIV MIEDZYNARODOWY FESTIWAL SZACHOWY PER"]
[Site "LAZY"]
[Date "2018.06.24"]
[Round "1.2"]
[White "Chomczyk, Marek"]
[Black "Pluta, Natalia"]
[Result "1-0"]
[WhiteElo "2247"]
[BlackElo "1826"]
[PlyCount "77"]
[EventDate "2018.??.??"]

1. e4 c5 2. Nf3 d6 3. d4 cxd4 4. Nxd4 Nf6 5. Nc3 g6 6. Be3 Bg7 7. f3 Nc6 8. Qd2
O-O 9. O-O-O d5 10. Kb1 Nxd4 11. e5 Nf5 12. exf6 exf6 13. Bc5 d4 14. Bxf8 Qxf8
15. Nb5 Ne3 16. Rc1 f5 17. Nxd4 f4 18. c3 Bd7 19. Bd3 Rd8 20. Be4 Bc8 21. g3
Bh6 22. g4 Qe7 23. Bc2 Be6 24. Bb3 Bd7 25. h4 a5 26. h5 g5 27. Rhe1 a4 28. Bc2
Bg7 29. h6 Be5 30. Rxe3 fxe3 31. Qxe3 Qf6 32. Qe4 Qh8 33. Re1 Bf6 34. Qxb7 Bc8
35. Qd5 Be6 36. Qa5 a3 37. Bb3 Bd7 38. Qd5 Be6 39. Rxe6 1-0

[Event "XIV MIEDZYNARODOWY FESTIWAL SZACHOWY PER"]
[Site "LAZY"]
[Date "2018.06.24"]
[Round "1.4"]
[White "Wisniewski, Michal"]
[Black "Buchta, Agnieszka"]
[Result "1-0"]
[WhiteElo "2204"]
[BlackElo "1810"]
[PlyCount "103"]
[EventDate "2018.??.??"]

1. c3 d5 2. Nf3 Nf6 3. c4 e6 4. g3 Be7 5. Bg2 O-O 6. O-O c5 7. cxd5 exd5 8. d4
c4 9. Nc3 Nc6 10. Ne5 Bf5 11. Bg5 Ne4 12. Bxe7 Nxc3 13. Nxc6 bxc6 14. bxc3 Qxe7
15. Qa4 Rfc8 16. Rfe1 Rab8 17. e4 dxe4 18. Qxc4 Rb2 19. Qa6 Rc7 20. Rab1 Rxb1
21. Rxb1 h6 22. Re1 Qe6 23. c4 Rd7 24. Qc8+ Kh7 25. Bxe4 Bxe4 26. Rxe4 Qxe4 27.
Qxd7 Qe1+ 28. Kg2 Qe4+ 29. Kh3 f5 30. f4 Qd3 31. Qxc6 Qf1+ 32. Qg2 Qxc4 33. Qf2
Qd5 34. g4 fxg4+ 35. Kxg4 Kg6 36. Kg3 Kf5 37. Qc2+ Kf6 38. Qd2 Kf5 39. h4 Ke4
40. Qe2+ Kxd4 41. Qe7 Qxa2 42. Qxg7+ Ke4 43. Qe5+ Kd3 44. f5 a5 45. f6 Qa3 46.
Qe7 Qa1 47. f7 Qg1+ 48. Kf4 Qf2+ 49. Ke5 Qe3+ 50. Kf6 Qf4+ 51. Kg7 Qg4+ 52. Kh7
1-0

[Event "XIV MIEDZYNARODOWY FESTIWAL SZACHOWY PER"]
[Site "LAZY"]
[Date "2018.06.24"]
[Round "1.5"]
[White "Oborski, Artur"]
[Black "Krainski, Aleksander"]
[Result "1/2-1/2"]
[WhiteElo "1801"]
[BlackElo "2203"]
[PlyCount "170"]
[EventDate "2018.??.??"]

1. d4 d5 2. c4 e6 3. Nf3 Nf6 4. Nc3 Be7 5. Bg5 Nbd7 6. e3 h6 7. Bh4 O-O 8. cxd5
exd5 9. Bd3 b6 10. O-O Bb7 11. Qc2 c5 12. Rad1 Ne4 13. Nxe4 Bxh4 14. Nd6 Bc6
15. Nxh4 Qxh4 16. b4 Rab8 17. b5 Ba8 18. Bh7+ Kh8 19. Bf5 Qe7 20. Bxd7 Qxd7 21.
dxc5 bxc5 22. Qxc5 Rfd8 23. Ne4 Qb7 24. Ng3 d4 25. e4 Qxb5 26. Qxa7 Rb7 27. Qa3
d3 28. Rd2 Rbd7 29. Rfd1 Bc6 30. Qc3 f6 31. f3 Qb6+ 32. Kf1 Ba4 33. Rc1 Bc2 34.
Nf5 Qb8 35. g3 Rc8 36. Qa1 Qb4 37. Ke1 Qc5 38. Kf1 Rb7 39. Qd4 Qa5 40. Qe3 Kh7
41. Nd6 Qa3 42. Rdxc2 Rxc2 43. Rxc2 dxc2 44. Qxa3 Rb1+ 45. Ke2 c1=Q 46. Qxc1
Rxc1 47. a3 Rc3 48. h4 h5 49. a4 Ra3 50. a5 Rxa5 51. Ke3 Ra6 52. Nf5 Kg6 53.
Kf4 Kf7 54. Ne3 Ra1 55. Nd5 Re1 56. Kf5 Re2 57. Kf4 g6 58. Nc3 Re1 59. Nd5 Kg7
60. Nc3 Kh6 61. Nd5 Kg7 62. Ne7 Ra1 63. Nd5 Ra5 64. g4 hxg4 65. fxg4 Ra1 66.
Ne3 Rh1 67. h5 gxh5 68. gxh5 Rxh5 69. Ng4 Kg6 70. Kg3 Ra5 71. Kf4 Ra1 72. Ne3
Ra4 73. Nf5 Ra2 74. Ne3 Kf7 75. Nf5 Rf2+ 76. Ke3 Rf1 77. Ng3 Rg1 78. Nf5 Kg6
79. Kf4 Rf1+ 80. Kg4 Kf7 81. Ne3 Rf2 82. Kg3 Ra2 83. Kf3 Ra8 84. Kf4 Ke6 85.
Nf5 Rh8 1/2-1/2

[Event "XIV MIEDZYNARODOWY FESTIWAL SZACHOWY PER"]
[Site "LAZY"]
[Date "2018.06.24"]
[Round "1.6"]
[White "Garbowski, Jakub"]
[Black "Syrkiewicz, Michal"]
[Result "1-0"]
[WhiteElo "2138"]
[BlackElo "1799"]
[PlyCount "67"]
[EventDate "2018.??.??"]

1. e4 c5 2. Nf3 e6 3. d4 cxd4 4. Nxd4 a6 5. Bd3 Nc6 6. Nxc6 dxc6 7. O-O e5 8.
Nd2 Bc5 9. Nc4 Qe7 10. Qf3 Nf6 11. Qg3 O-O 12. Bg5 Re8 13. Kh1 Qe6 14. Ne3 Nh5
15. Qh4 Qg6 16. Nf5 Nf6 17. Rae1 Be7 18. Re3 Bf8 19. Rh3 h6 20. Nxh6+ gxh6 21.
Bxf6 Bxh3 22. gxh3 Bg7 23. Rg1 Qh7 24. Bc4 b5 25. Bb3 c5 26. Bd5 Rac8 27. Bxg7
Qxg7 28. Qxh6 Qxg1+ 29. Kxg1 Rc7 30. Qxa6 b4 31. Qd6 Ree7 32. h4 Kg7 33. h5 Kg8
34. Qf6 1-0

[Event "XIV MIEDZYNARODOWY FESTIWAL SZACHOWY PER"]
[Site "LAZY"]
[Date "2018.06.24"]
[Round "1.7"]
[White "Trybus, Daniel"]
[Black "Siembab, Bartosz"]
[Result "1/2-1/2"]
[WhiteElo "1793"]
[BlackElo "2136"]
[PlyCount "63"]
[EventDate "2018.??.??"]

1. d4 d5 2. Nf3 Nf6 3. c4 c6 4. Nc3 dxc4 5. e3 b5 6. a4 b4 7. Na2 e6 8. Bxc4
Be7 9. Bd2 a5 10. Nc1 O-O 11. Nd3 Nbd7 12. Rc1 Bb7 13. O-O Rc8 14. Qe2 Qb6 15.
Rc2 c5 16. Rfc1 Bxf3 17. Qxf3 cxd4 18. e4 e5 19. Bxf7+ Kxf7 20. Rxc8 Rxc8 21.
Rxc8 Qb7 22. Rc2 Qxe4 23. Qxe4 Nxe4 24. Rc7 Ke6 25. Bc1 Nec5 26. Nxc5+ Nxc5 27.
Kf1 Nxa4 28. Ra7 Nc5 29. Ke2 Nb3 30. Kd1 d3 31. Be3 e4 32. f3 1/2-1/2

[Event "XIV MIEDZYNARODOWY FESTIWAL SZACHOWY PER"]
[Site "LAZY"]
[Date "2018.06.24"]
[Round "1.8"]
[White "Krainski, Slawomir"]
[Black "Madej, Marek"]
[Result "1-0"]
[WhiteElo "2136"]
[BlackElo "1786"]
[PlyCount "51"]
[EventDate "2018.??.??"]

1. d4 d5 2. Nc3 Nf6 3. Bg5 e6 4. e4 dxe4 5. Nxe4 Be7 6. Bxf6 Bxf6 7. Nf3 Nc6 8.
c3 O-O 9. Bd3 e5 10. d5 Ne7 11. Nxf6+ gxf6 12. Qc2 Ng6 13. O-O-O Re8 14. h4 Qd6
15. h5 Nf8 16. Rh4 Kh8 17. Bf5 Bxf5 18. Qxf5 Re7 19. Nd2 Nd7 20. Ne4 Qb6 21. d6
Re6 22. dxc7 Nf8 23. Rg4 Rc8 24. Nxf6 Rxf6 25. Qxc8 Qc5 26. Qxf8+ 1-0

[Event "XIV MIEDZYNARODOWY FESTIWAL SZACHOWY PER"]
[Site "LAZY"]
[Date "2018.06.24"]
[Round "1.9"]
[White "Kindler, Karolina"]
[Black "Klepek, Witold"]
[Result "0-1"]
[WhiteElo "1784"]
[BlackElo "2132"]
[PlyCount "68"]
[EventDate "2018.??.??"]

1. Nf3 c5 2. b3 Nc6 3. Bb2 d6 4. e3 e5 5. d3 g6 6. Be2 Bg7 7. c4 Nge7 8. O-O
O-O 9. Nc3 h6 10. a3 Be6 11. Qc2 f5 12. Rfd1 g5 13. Na2 f4 14. h3 fxe3 15. fxe3
Nf5 16. Qd2 Qe8 17. b4 Rd8 18. b5 Nce7 19. d4 e4 20. Nh2 Ng3 21. d5 Nxe2+ 22.
Qxe2 Bf5 23. Bxg7 Kxg7 24. g4 Bc8 25. Rf1 Ng6 26. Nc3 Qe5 27. Rac1 Nh4 28. Kh1
h5 29. gxh5 Bxh3 30. Rxf8 Rxf8 31. Qc2 Bg2+ 32. Kg1 Qg3 33. Qd2 Bf3+ 34. Kf1
Bd1+ 0-1

[Event "XIV MIEDZYNARODOWY FESTIWAL SZACHOWY PER"]
[Site "LAZY"]
[Date "2018.06.24"]
[Round "1.10"]
[White "Hrymowicz, Artur"]
[Black "Zelak, Wladyslaw"]
[Result "1/2-1/2"]
[WhiteElo "2123"]
[BlackElo "1779"]
[PlyCount "87"]
[EventDate "2018.??.??"]

1. e4 c5 2. Nf3 d6 3. d4 cxd4 4. Nxd4 Nf6 5. Nc3 a6 6. Be3 e5 7. Nb3 Be6 8. Qd2
Be7 9. f4 Ng4 10. g3 Nxe3 11. Qxe3 exf4 12. Qxf4 O-O 13. Rd1 Nc6 14. Bg2 Ne5
15. h4 g5 16. Qf2 Ng4 17. Qe2 Ne5 18. Nd4 Bg4 19. Bf3 Nxf3+ 20. Nxf3 gxh4 21.
e5 f5 22. gxh4 Rc8 23. Rd3 Bxh4+ 24. Kd1 Bg3 25. exd6 Re8 26. Qd2 Bxd6 27. Kc1
Re6 28. Ne5 Qf6 29. Nxg4 fxg4 30. Ne4 Rxe4 31. Rxd6 Qf4 32. Rd7 h5 33. Qxf4
Rxf4 34. Rxh5 Rf1+ 35. Kd2 Rf2+ 36. Ke3 Rcxc2 37. Rg5+ Kf8 38. Rxb7 Rce2+ 39.
Kd3 Rd2+ 40. Ke3 Rde2+ 41. Kd3 Rd2+ 42. Ke3 Rde2+ 43. Kd3 Rd2+ 44. Ke3 1/2-1/2

[Event "XIV MIEDZYNARODOWY FESTIWAL SZACHOWY PER"]
[Site "LAZY"]
[Date "2018.06.24"]
[Round "1.11"]
[White "Sypien, Natan"]
[Black "Wacior, Maciej"]
[Result "1-0"]
[WhiteElo "1774"]
[BlackElo "2110"]
[PlyCount "47"]
[EventDate "2018.??.??"]

1. d4 d5 2. c4 e6 3. Nc3 c6 4. Nf3 Nf6 5. Bg5 Nbd7 6. e3 Bd6 7. Qc2 h6 8. Bh4
b6 9. cxd5 exd5 10. Bd3 Bb7 11. O-O O-O 12. e4 dxe4 13. Nxe4 Be7 14. Rfe1 Rc8
15. Rad1 Re8 16. Nxf6+ Bxf6 17. Bh7+ Kf8 18. Bg3 Rxe1+ 19. Rxe1 g5 20. Bf5 Ra8
21. Bxd7 Qxd7 22. Qh7 c5 23. Be5 Bxe5 24. Rxe5 1-0

[Event "XIV MIEDZYNARODOWY FESTIWAL SZACHOWY PER"]
[Site "LAZY"]
[Date "2018.06.24"]
[Round "1.12"]
[White "Luba, Lukasz"]
[Black "Luberanski, Jakub"]
[Result "1-0"]
[WhiteElo "2094"]
[BlackElo "1762"]
[PlyCount "85"]
[EventDate "2018.??.??"]

1. d4 Nf6 2. c4 g6 3. Nc3 Bg7 4. e4 d6 5. h3 O-O 6. Be3 e5 7. d5 c6 8. Bd3 cxd5
9. cxd5 a6 10. Nf3 Nbd7 11. b4 Ne8 12. g4 f5 13. gxf5 gxf5 14. exf5 e4 15. Nxe4
Rxf5 16. Neg5 Ne5 17. Bxf5 Bxf5 18. Nxe5 Bxe5 19. Rg1 Ng7 20. Rc1 Qf6 21. Rc7
Bc3+ 22. Ke2 Bg6 23. Qb3 Bd4 24. Rxg7+ Qxg7 25. Ne6 Bd3+ 26. Qxd3 Qxg1 27. Qxd4
Rc8 28. Bg5 Rc2+ 29. Kf3 Qh1+ 30. Kf4 Qh2+ 31. Ke4 Qh1+ 32. f3 Re2+ 33. Be3
Qb1+ 34. Kf4 Qg6 35. Qa7 Qf6+ 36. Kg3 Qg6+ 37. Kh4 Qe8 38. Qxb7 Rg2 39. Bg5
Rxg5 40. Nxg5 Qe1+ 41. Kg4 Qg1+ 42. Kh5 Qb1 43. Qf7+ 1-0

[Event "XIV MIEDZYNARODOWY FESTIWAL SZACHOWY PER"]
[Site "LAZY"]
[Date "2018.06.24"]
[Round "1.13"]
[White "Kruczynski, Marek"]
[Black "Luczak, Filip"]
[Result "1-0"]
[WhiteElo "1731"]
[BlackElo "2044"]
[PlyCount "95"]
[EventDate "2018.??.??"]

1. e4 c5 2. b3 Nc6 3. Bb2 e6 4. Nf3 b6 5. d3 Bb7 6. Nbd2 d6 7. g3 Nf6 8. Bg2
Be7 9. O-O O-O 10. Re1 Qc7 11. c3 Ne5 12. Qc2 Rac8 13. Rac1 Qb8 14. Qb1 Rfd8
15. d4 Nxf3+ 16. Bxf3 cxd4 17. cxd4 Qa8 18. Bg2 Nd7 19. Rxc8 Rxc8 20. Rc1 Bf6
21. Nc4 d5 22. Nd6 Rxc1+ 23. Qxc1 dxe4 24. Qc7 Bc6 25. Bxe4 Bxe4 26. Qxd7 h6
27. Qxf7+ Kh8 28. Qxe6 Bb1 29. a3 Qf3 30. Qe3 Qd1+ 31. Kg2 Bd3 32. h3 Qxb3 33.
Ne8 Qd5+ 34. Kg1 Bg5 35. Qxd3 Qe6 36. h4 Bxh4 37. gxh4 Qxe8 38. d5 Qh5 39. Qd4
Qg6+ 40. Kh2 Qd6+ 41. f4 Qe7 42. f5 Qe2+ 43. Kg3 Qe1+ 44. Qf2 Qd1 45. f6 Qd3+
46. Kh2 Qxd5 47. fxg7+ Kg8 48. Qf8+ 1-0

[Event "XIV MIEDZYNARODOWY FESTIWAL SZACHOWY PER"]
[Site "LAZY"]
[Date "2018.06.24"]
[Round "1.14"]
[White "Majek, Kacper"]
[Black "Hampel, Anna"]
[Result "1-0"]
[WhiteElo "2034"]
[BlackElo "1728"]
[PlyCount "123"]
[EventDate "2018.??.??"]

1. Nf3 d5 2. g3 c5 3. Bg2 Nf6 4. O-O Nc6 5. d3 Bf5 6. c3 e6 7. Nbd2 Bd6 8. Qe1
d4 9. Nc4 Bc7 10. Qd1 h6 11. Qa4 Qd7 12. Nh4 Bh7 13. Bxc6 Qxc6 14. Qxc6+ bxc6
15. Bd2 Nd7 16. Rac1 Rb8 17. f4 e5 18. fxe5 Nxe5 19. Bf4 Nxc4 20. Bxc7 Rb7 21.
cxd4 Ne3 22. Rf3 Nd5 23. Bd6 cxd4 24. Ba3 Rc7 25. Rc4 g5 26. Nf5 Bxf5 27. Rxf5
Kd8 28. Rxd4 Kc8 29. e4 Ne3 30. Rc5 Re8 31. h3 f5 32. Kf2 f4 33. b3 Rf8 34. g4
Nd1+ 35. Kf3 Rf6 36. e5 Rff7 37. e6 Rfe7 38. Re5 Re8 39. e7 Nc3 40. Rf5 Nb5 41.
Rd8+ Rxd8 42. exd8=Q+ Kxd8 43. Rf8+ Kd7 44. Bc5 Ke6 45. Rh8 Kd5 46. b4 Ke5 47.
Rxh6 Rd7 48. Rg6 Rxd3+ 49. Kg2 Rd2+ 50. Bf2 Ke4 51. Rxc6 Nd4 52. Rc4 Ke5 53.
Rxd4 Rxd4 54. Bxd4+ Kxd4 55. Kf3 Kc4 56. h4 gxh4 57. Kxf4 Kxb4 58. g5 Ka3 59.
g6 Kxa2 60. g7 a5 61. g8=Q+ Ka3 62. Ke4 1-0

[Event "XIV MIEDZYNARODOWY FESTIWAL SZACHOWY PER"]
[Site "LAZY"]
[Date "2018.06.24"]
[Round "1.15"]
[White "Wieczorek, Mikolaj"]
[Black "Kot, Jerzy"]
[Result "0-1"]
[WhiteElo "1726"]
[BlackElo "2028"]
[PlyCount "168"]
[EventDate "2018.??.??"]

1. e4 g6 2. d4 Bg7 3. f4 c5 4. c3 Qa5 5. d5 e6 6. Bd2 exd5 7. exd5 Ne7 8. Qb3
O-O 9. Bd3 d6 10. Ne2 Nd7 11. c4 Qc7 12. Nbc3 a6 13. O-O Nf6 14. a4 Rb8 15. Qc2
Bd7 16. a5 b5 17. axb6 Rxb6 18. Nd1 Qb8 19. Bc3 Qa7 20. Ng3 Nexd5 21. cxd5 c4
22. Bd4 cxd3 23. Qxd3 Qb7 24. Bxb6 Qxb6+ 25. Kh1 Bb5 26. Qb3 Qd4 27. Re1 Qxf4
28. Nc3 Ng4 29. Nxb5 axb5 30. Qf3 Qb4 31. h3 Ne5 32. Qe4 Nc4 33. Rab1 Qb3 34.
Nf1 Be5 35. Re2 Rc8 36. Qf3 Qxf3 37. gxf3 Rc5 38. Nd2 Rxd5 39. Nxc4 bxc4 40.
Rc1 Rc5 41. Rcc2 f6 42. Rf2 g5 43. Rfe2 Kf7 44. Kg2 Kg6 45. h4 h6 46. hxg5 hxg5
47. Re1 Kf5 48. Rb1 d5 49. b4 Rc8 50. b5 c3 51. Kf2 d4 52. Ke2 Rd8 53. Kd3 Kf4
54. Rf2 Kg3 55. Rc2 Kxf3 56. b6 g4 57. Rf1+ Kg3 58. Rg1+ Kh4 59. Rh1+ Kg5 60.
Rh7 g3 61. b7 Kf5 62. Rg7 Ke6 63. Re2 Kd6 64. Re4 Kc6 65. Reg4 Rb8 66. Rxg3
Rxb7 67. Rxb7 Kxb7 68. Rf3 Kc6 69. Rf2 Kd5 70. Re2 Bf4 71. Rf2 Ke5 72. Ra2 Be3
73. Ra6 f5 74. Ra8 Kf4 75. Rf8 Kg4 76. Rg8+ Kf3 77. Rf8 f4 78. Rf7 Kg2 79. Rg7+
Kf2 80. Rf7 f3 81. Rg7 Kf1 82. Rh7 f2 83. Ke4 Ke2 84. Rh2 c2 0-1

[Event "XIV MIEDZYNARODOWY FESTIWAL SZACHOWY PER"]
[Site "LAZY"]
[Date "2018.06.24"]
[Round "1.16"]
[White "Hilarecki, Grzegorz"]
[Black "Dytman, Radoslaw"]
[Result "1-0"]
[WhiteElo "2023"]
[BlackElo "1722"]
[PlyCount "83"]
[EventDate "2018.??.??"]

1. d4 Nf6 2. Nf3 g6 3. Bf4 Bg7 4. e3 O-O 5. h3 d6 6. Be2 Nbd7 7. O-O b6 8. a4
a6 9. Bh2 Bb7 10. Re1 c5 11. c3 Rc8 12. Na3 Rc7 13. Bf1 Qa8 14. Nd2 Ne8 15. Qb3
Kh8 16. Rad1 f5 17. f3 Nef6 18. Nac4 Bd5 19. Qc2 Bc6 20. e4 fxe4 21. fxe4 cxd4
22. e5 dxe5 23. Nxe5 dxc3 24. Nxg6+ hxg6 25. Bxc7 cxd2 26. Rxd2 Ne4 27. Rxd7
Bxd7 28. Rxe4 Bf6 29. Be5 Bf5 30. Bxf6+ Rxf6 31. Rh4+ Kg7 32. Qd2 Qg8 33. Bxa6
Be6 34. Qe3 Kf7 35. Re4 Kg7 36. Bd3 Qf7 37. b4 Kg8 38. a5 bxa5 39. bxa5 Kf8 40.
a6 Bf5 41. a7 Bxe4 42. Qxe4 1-0

[Event "XIV MIEDZYNARODOWY FESTIWAL SZACHOWY PER"]
[Site "LAZY"]
[Date "2018.06.24"]
[Round "1.17"]
[White "Szydelko, Michal"]
[Black "Jarocka, Liwia"]
[Result "0-1"]
[WhiteElo "1713"]
[BlackElo "1984"]
[PlyCount "88"]
[EventDate "2018.??.??"]

1. e4 e5 2. Nf3 Nc6 3. Bc4 Bc5 4. O-O d6 5. h3 Nf6 6. d3 Be6 7. Bb3 Qd7 8. c3
Bb6 9. Be3 h6 10. Nbd2 Bxb3 11. Qxb3 g5 12. Nc4 O-O-O 13. Nfd2 d5 14. Nxb6+
axb6 15. f3 Nh5 16. Rfd1 d4 17. cxd4 Nxd4 18. Qa3 Kb8 19. Bxd4 Qxd4+ 20. Kh2
Nf4 21. Nb3 Qe3 22. Rac1 Rxd3 23. Qe7 Rc8 24. Rxd3 Nxd3 25. Rc3 Qe2 26. Nc1
Nxc1 27. Rxc1 Qxb2 28. Rd1 Qxa2 29. Qxe5 Qe6 30. Qb5 c5 31. Rc1 c4 32. Rc3 f6
33. Qb4 Qe5+ 34. g3 Qc5 35. Qb2 b5 36. Rc2 Qe5 37. Qa3 Qc5 38. Qc3 b4 39. Qxf6
b3 40. Rd2 c3 41. Rd5 Qc7 42. Qd4 c2 43. Rd7 c1=Q 44. Rxc7 Qxc7 0-1

[Event "XIV MIEDZYNARODOWY FESTIWAL SZACHOWY PER"]
[Site "LAZY"]
[Date "2018.06.24"]
[Round "1.20"]
[White "Niedbala, Bartlomiej"]
[Black "Majewski, Krzysztof"]
[Result "1-0"]
[WhiteElo "1977"]
[BlackElo "1695"]
[PlyCount "111"]
[EventDate "2018.??.??"]

1. d4 d5 2. Bf4 Nf6 3. e3 c6 4. Nf3 Bg4 5. Nbd2 e6 6. h3 Bxf3 7. Nxf3 Bd6 8.
Ne5 Qc7 9. c3 Nbd7 10. Nd3 Bxf4 11. exf4 c5 12. Ne5 c4 13. g4 Nxe5 14. fxe5 Nd7
15. Bg2 Nb6 16. f4 O-O-O 17. Qf3 g6 18. O-O-O Rhf8 19. Rhf1 Qe7 20. h4 a5 21.
Rd2 a4 22. a3 Nd7 23. Re2 b5 24. Qh3 Rh8 25. f5 Nb6 26. Ref2 Rdf8 27. Rf4 Kd8
28. Qf3 Ke8 29. Kd1 Rhg8 30. Bh3 Nd7 31. Qg3 Rh8 32. fxe6 fxe6 33. Rf6 Nxf6 34.
exf6 Qd8 35. g5 Kf7 36. Bxe6+ Kxe6 37. Re1+ Kf7 38. Re7+ Qxe7 39. fxe7 Kxe7 40.
Qe5+ Kd7 41. Qxd5+ Ke7 42. Qe5+ Kd8 43. Qb8+ Ke7 44. Qb7+ Kd8 45. Qxb5 Rf1+ 46.
Kc2 Rhf8 47. Qxc4 R8f2+ 48. Kd3 Rf3+ 49. Ke4 Rf5 50. Qg8+ Rf8 51. Qxh7 Re8+ 52.
Kd5 Rf5+ 53. Kc4 Re7 54. Qxg6 Rc7+ 55. Kb4 Rff7 56. Qg8+ 1-0

[Event "XIV MIEDZYNARODOWY FESTIWAL SZACHOWY PER"]
[Site "LAZY"]
[Date "2018.06.24"]
[Round "1.21"]
[White "Zabron, Maksym"]
[Black "Koloczek, Maciej"]
[Result "1-0"]
[WhiteElo "1694"]
[BlackElo "1961"]
[PlyCount "69"]
[EventDate "2018.??.??"]

1. d4 Nf6 2. c4 g6 3. Nc3 Bg7 4. e4 d6 5. f3 O-O 6. Be3 e5 7. d5 Nh5 8. Qd2
Qh4+ 9. g3 Nxg3 10. Qf2 Nxf1 11. Qxh4 Nxe3 12. Qf2 Bh6 13. Qe2 f5 14. Nd1 Nxd1
15. Rxd1 Na6 16. Qg2 Bd7 17. Ne2 fxe4 18. fxe4 b5 19. cxb5 Bxb5 20. Nc3 Rab8
21. Nxb5 Rxb5 22. a3 Rb3 23. Rb1 Rf4 24. Kd1 Nc5 25. Kc2 Re3 26. Rbe1 Rfxe4 27.
Rxe3 Rxe3 28. Qg4 e4 29. Qc8+ Bf8 30. Rf1 Rf3 31. Rxf3 exf3 32. Qg4 f2 33. Qf3
Ne4 34. Kd3 Nc5+ 35. Ke2 1-0

[Event "XIV MIEDZYNARODOWY FESTIWAL SZACHOWY PER"]
[Site "LAZY"]
[Date "2018.06.24"]
[Round "1.22"]
[White "Cieslak, Wiktoria"]
[Black "Kurcaba, Lukasz"]
[Result "1-0"]
[WhiteElo "1931"]
[BlackElo "1619"]
[PlyCount "79"]
[EventDate "2018.??.??"]

1. e4 c5 2. Nf3 Nc6 3. d4 cxd4 4. Nxd4 Nf6 5. Nc3 e6 6. Nxc6 bxc6 7. e5 Nd5 8.
Ne4 Qc7 9. f4 Rb8 10. c4 Bb4+ 11. Ke2 Ba6 12. Kf3 Ne7 13. a3 Ba5 14. b4 O-O 15.
bxa5 Qxa5 16. Bd2 Qd8 17. Bb4 f6 18. exf6 gxf6 19. Nc5 Bb7 20. Nxd7 c5+ 21. Kf2
cxb4 22. axb4 Qc7 23. Qg4+ Kf7 24. Nxf8 Rxf8 25. Bd3 Rg8 26. Qh5+ Kf8 27. Qh6+
Ke8 28. Rhg1 Qb6+ 29. Ke2 Qd4 30. Rad1 Qb2+ 31. Rd2 Qxb4 32. Qxf6 Qc5 33. Rdd1
Qh5+ 34. Kd2 Qa5+ 35. Ke3 Qc5+ 36. Qd4 Qa3 37. g4 Qa2 38. Bxh7 Rf8 39. Bg6+
Nxg6 40. Qd7# 1-0

[Event "XIV MIEDZYNARODOWY FESTIWAL SZACHOWY PER"]
[Site "LAZY"]
[Date "2018.06.24"]
[Round "1.23"]
[White "Daliga, Anita"]
[Black "Majocha, Piotr"]
[Result "1-0"]
[WhiteElo "1605"]
[BlackElo "1902"]
[PlyCount "87"]
[EventDate "2018.??.??"]

1. e4 e6 2. d3 d5 3. Nd2 Nf6 4. g3 c5 5. Bg2 Be7 6. Ngf3 Nc6 7. O-O O-O 8. Re1
Re8 9. c3 b6 10. Qc2 Bb7 11. Nf1 h6 12. h4 b5 13. N1h2 d4 14. Qe2 dxc3 15. bxc3
e5 16. g4 b4 17. g5 hxg5 18. hxg5 Nh7 19. cxb4 cxb4 20. Qe3 Ba6 21. Rd1 Nd4 22.
Nxd4 exd4 23. Qg3 Bxg5 24. f4 Be7 25. e5 Rc8 26. Be4 Nf8 27. Ng4 g6 28. Nh6+
Kg7 29. Nf5+ Kg8 30. Rd2 Ne6 31. Rh2 Ng7 32. Nh6+ Kf8 33. Ng4 Nh5 34. Rxh5 gxh5
35. Nh6 Bg5 36. fxg5 Qc7 37. Bf4 Qc3 38. Rf1 Qb2 39. g6 Rc2 40. g7+ Ke7 41.
Bg5+ Kd7 42. Rxf7+ Kc8 43. Bf5+ Kb8 44. e6+ 1-0

[Event "XIV MIEDZYNARODOWY FESTIWAL SZACHOWY PER"]
[Site "LAZY"]
[Date "2018.06.24"]
[Round "1.24"]
[White "Grzesik, Gracjan"]
[Black "Topola, Rafal"]
[Result "1/2-1/2"]
[WhiteElo "1884"]
[BlackElo "1570"]
[PlyCount "70"]
[EventDate "2018.??.??"]

1. c4 c5 2. Nc3 e6 3. e4 Nc6 4. g3 b6 5. Bg2 Bb7 6. Nge2 g6 7. O-O Bg7 8. d3
Nge7 9. Be3 O-O 10. Rc1 d6 11. d4 cxd4 12. Nxd4 Ne5 13. b3 d5 14. f4 Nd7 15.
cxd5 exd5 16. exd5 Nf6 17. Nc6 Qd6 18. Bf2 Rfc8 19. Bh3 Rxc6 20. dxc6 Qxc6 21.
Nd5 Qxd5 22. Qxd5 Nexd5 23. Bg2 Re8 24. Rfe1 Rd8 25. h3 Nd7 26. Red1 N7f6 27.
Rc7 Rb8 28. Rxb7 Rxb7 29. Bxd5 Nxd5 30. Rxd5 Bf6 31. Rd2 Rc7 32. Kg2 Kg7 33. g4
h6 34. Kf3 Rc3+ 35. Kg2 Rc6 1/2-1/2

[Event "XIV MIEDZYNARODOWY FESTIWAL SZACHOWY PER"]
[Site "LAZY"]
[Date "2018.06.24"]
[Round "1.25"]
[White "Hertlein, Irena"]
[Black "Podgorski, Maciej"]
[Result "1-0"]
[WhiteElo "1531"]
[BlackElo "1852"]
[PlyCount "127"]
[EventDate "2018.??.??"]

1. d4 Nf6 2. Nf3 g6 3. g3 Bg7 4. Bg2 O-O 5. O-O d6 6. c4 c5 7. dxc5 dxc5 8. Ne5
Qc7 9. Nd3 e5 10. Nc3 a6 11. f4 exf4 12. Bxf4 Qe7 13. e4 Nc6 14. e5 Ng4 15. Nd5
Qd8 16. Nxc5 g5 17. Bd2 Bxe5 18. Nxb7 Qd7 19. Nc5 Bd4+ 20. Kh1 Bxc5 21. Qxg4
Qxg4 22. Nf6+ Kg7 23. Nxg4 Bxg4 24. Bxc6 Rac8 25. Bd5 h6 26. Bc3+ f6 27. b4 Ba7
28. Rae1 Kg6 29. Kg2 Bb8 30. c5 Bd7 31. Re2 Bb5 32. Be4+ f5 33. Bxf5+ Rxf5 34.
Re6+ Kf7 35. Rf6+ Rxf6 36. Rxf6+ Ke7 37. Rxh6 Rf8 38. a4 Bf1+ 39. Kg1 g4 40.
Bf6+ Rxf6 41. Rxf6 Kxf6 42. Kxf1 Ke5 43. b5 a5 44. Kg2 Kd5 45. c6 Kc5 46. h3
gxh3+ 47. Kxh3 Bc7 48. g4 Kd5 49. Kh4 Ke6 50. Kg5 Kf7 51. Kf5 Bb6 52. g5 Ke7
53. Kg6 Be3 54. c7 Kd7 55. Kf6 Kxc7 56. g6 Bh6 57. g7 Bxg7+ 58. Kxg7 Kd7 59.
Kf7 Kd6 60. Ke8 Kc7 61. Ke7 Kb7 62. Kd7 Kb6 63. Kc8 Ka7 64. Kc7 1-0

[Event "XIV MIEDZYNARODOWY FESTIWAL SZACHOWY PER"]
[Site "LAZY"]
[Date "2018.06.24"]
[Round "1.26"]
[White "Krzywnicka, Maria"]
[Black "Wasala, Wiktoria"]
[Result "1-0"]
[WhiteElo "1845"]
[BlackElo "1521"]
[PlyCount "69"]
[EventDate "2018.??.??"]

1. e4 Nf6 2. e5 Nd5 3. d4 d6 4. c4 Nb6 5. exd6 exd6 6. Nc3 Be7 7. Bd3 O-O 8.
Nge2 Nc6 9. b3 Bg4 10. Be3 Nb4 11. Bb1 c5 12. Qd2 Nc6 13. O-O Bf6 14. f3 cxd4
15. Nxd4 Nxd4 16. Bxd4 Be6 17. Be4 Rb8 18. Nb5 a6 19. Bxf6 gxf6 20. Nxd6 f5 21.
Bc2 Nc8 22. Rad1 Nxd6 23. Qxd6 Qf6 24. Qd4 Qg6 25. Qc3 h5 26. f4 Kh7 27. Rd3 h4
28. Rh3 Qh6 29. Qe1 Qf6 30. Rxh4+ Kg8 31. Qg3+ Qg6 32. Qf2 Rbd8 33. Rh3 Qf6 34.
Qg3+ Qg6 35. Qc3 1-0

[Event "XIV MIEDZYNARODOWY FESTIWAL SZACHOWY PER"]
[Site "LAZY"]
[Date "2018.06.24"]
[Round "1.27"]
[White "Wojtas, Julia"]
[Black "Hasterok, Mateusz"]
[Result "0-1"]
[WhiteElo "1483"]
[BlackElo "1837"]
[PlyCount "68"]
[EventDate "2018.??.??"]

1. e4 c5 2. Nf3 Nc6 3. d4 cxd4 4. Nxd4 Qb6 5. Nb3 Nf6 6. Nc3 e6 7. Be3 Qc7 8.
a3 a6 9. Be2 b5 10. f4 d6 11. O-O Be7 12. Bd3 O-O 13. g4 Re8 14. g5 Nd7 15. Qf3
Rb8 16. h4 b4 17. Ne2 Bf8 18. h5 bxa3 19. bxa3 Nde5 20. fxe5 Nxe5 21. Qf2 Nxd3
22. cxd3 Rxb3 23. Nf4 Qd7 24. Rad1 e5 25. Ng2 Rxa3 26. h6 Qe6 27. Qf5 Qxf5 28.
exf5 gxh6 29. gxh6 f6 30. Nh4 e4 31. Bd4 e3 32. Rfe1 Ra4 33. Bxf6 Kf7 34. Bg5
Rg4+ 0-1

[Event "XIV MIEDZYNARODOWY FESTIWAL SZACHOWY PER"]
[Site "LAZY"]
[Date "2018.06.25"]
[Round "2.1"]
[White "Karpus, Michal"]
[Black "Niedbala, Bartlomiej"]
[Result "1-0"]
[WhiteElo "2364"]
[BlackElo "1977"]
[PlyCount "85"]
[EventDate "2018.??.??"]

1. e4 c5 2. Nf3 d6 3. d4 cxd4 4. Nxd4 Nf6 5. Nc3 g6 6. Be3 Bg7 7. Be2 O-O 8.
Qd2 Nc6 9. O-O-O Nxd4 10. Bxd4 Be6 11. Kb1 b5 12. f3 b4 13. Nd5 Bxd5 14. exd5
Qa5 15. Bc4 Rfc8 16. Qe2 Qc7 17. Ba6 Re8 18. Rhe1 Nd7 19. Bb5 Rab8 20. Bxg7
Kxg7 21. h4 Red8 22. Bxd7 Rxd7 23. h5 Rc8 24. Qd2 Qc4 25. Re4 Qc5 26. Rh1 Rdc7
27. Re2 Rh8 28. g4 a5 29. Reh2 Rcc8 30. g5 e5 31. dxe6 fxe6 32. Qf4 Rhf8 33.
Qe4 Qc4 34. Qe3 gxh5 35. b3 Qc5 36. Qxe6 Rc7 37. Qh6+ Kg8 38. g6 Rxf3 39. Rg2
hxg6 40. Rxg6+ Kf7 41. Qg7+ Ke8 42. Re6+ Kd8 43. Qg8+ 1-0